Cinco impresores granadinos de los siglos XVI y XVII / (Record no. 67943)

MARC details
000 -LEADER
campo de control de longitud fija 00668nam a2200193 i 4500
001 - NÚMERO DE CONTROL
campo de control 67943
003 - IDENTIFICADOR DE NÚMERO DE CONTROL
campo de control ES-MaACL
005 - FECHA Y HORA DE LA ÚLTIMA TRANSACCIÓN
campo de control 20251011063111.0
007 - CAMPO FIJO DE DESCRIPCIÓN FÍSICA--INFORMACIÓN GENERAL
campo de control de longitud fija t|
008 - DATOS DE LONGITUD FIJA--INFORMACIÓN GENERAL
campo de control de longitud fija 040216s1970 sp ||||1| spa d
100 0# - ENTRADA PRINCIPAL--NOMBRE DE PERSONA
Nombre de persona Gallego Morell, Antonio,
Fechas asociadas al nombre 1923-2009
9 (RLIN) 53576
245 10 - MENCIÓN DEL TÍTULO
Título Cinco impresores granadinos de los siglos XVI y XVII /
Mención de responsabilidad, etc. por Antonio Gallego Morell.
260 ## - PUBLICACIÓN, DISTRIBUCIÓN, ETC.
Lugar de publicación, distribución, etc. Granada :
Nombre del editor, distribuidor, etc. Universidad de Granada,
Fecha de publicación, distribución, etc. [1970]
300 ## - DESCRIPCIÓN FÍSICA
Extensión 151 p., 7 lám. ;
Dimensiones 24 cm.
650 #4 - PUNTO DE ACCESO ADICIONAL DE MATERIA--TÉRMINO DE MATERIA
Término de materia o nombre geográfico como elemento de entrada Imprenta-
Subdivisión geográfica Granada-
Subdivisión de forma Biobibliografías.
9 (RLIN) 170394
740 0# - ENTRADA AGREGADA--TÍTULO RELACIONADO/ANALÍTICO NO CONTROLADO
Título relacionado o analítico no controlado 5 impresores granadinos de los siglos XVI y XVII.
852 ## - LOCALIZACIÓN
Ubicación ES-MaACL
Número de control de estantería C-45036
Sublocalización o colección R.7665
Holdings
Estatus retirado Estado de pérdida Estado de daño No para préstamo Biblioteca de origen Biblioteca actual Ubicación en estantería Fecha de adquisición Fuente de adquisición Total de préstamos Signatura topográfica completa Código de barras Visto por última vez Precio de reemplazo Tipo de ítem Koha
        Biblioteca del Ateneo de Madrid Biblioteca del Ateneo de Madrid Depósito 2 17/01/2008     C-45036 1071135 23/02/2023 23/02/2023 Libro impreso